000 00442nam a2200181Ia 4500
005 20240823044221.0
008 240823s9999||||xx |||||||||||||| ||und||
041 _aENGLISH
082 _A823.914 M2
100 _aLuka Mathen Karively
245 0 _aWilliam Goldings Lord of the Flies
250 _a1st
260 _c1982
_bPrakash Book
500 _aTRANSFERED
650 _aLord of the Flies
_bEnglish
942 _cBK
999 _c212046
_d212046